000 00251nam a2200097Ia 4500
082 _aJ 535 JENN
245 0 _aBright light
100 _a JENNINGS, Terry J. London, 2009
_976061
942 _cBK
008 210817s9999 xx 000 0 und d
999 _c389394
_d389393